[Event "C.to Regionale Lombardia"]
[Site "Saronno ITA"]
[Date "2013.05.25"]
[Round "3"]
[White "Pozzi, Luca"]
[Black "Poletto, Daniele"]
[WhiteElo "1467"]
[BlackElo "1766"]
[Result "1-0"]
[PlyCount "125"]
[EventDate "2013.05.24"]

1. e4 c5 2. c3 Nf6 3. e5 Nd5 4. d4 cxd4 5. cxd4 Nc6 6. Bc4 Nb6 7. Bb3 d6 8.
exd6 Qxd6 9. Be3 Be6 10. Bxe6 Qxe6 11. Nf3 Rd8 12. O-O g6 13. Re1 Qd7 14. Na3
Bg7 15. Nc2 O-O 16. Qe2 h6 17. Rad1 e6 18. Ne5 Qd5 19. Nxc6 Qxc6 20. Rd3 Nd5
21. a3 Kh7 22. Nb4 Nxb4 23. axb4 Qc4 24. Qd2 Rc8 25. Qc3 Qxc3 26. bxc3 Rc4 27.
f4 Rfc8 28. Bd2 a6 29. g4 R8c7 30. Kg2 Rd7 31. Kf3 Rd5 32. h4 Bf8 33. Re5 Rxe5
34. fxe5 Be7 35. g5 h5 36. Ke4 Kg7 37. Rf3 Rc7 38. Kd3 b6 39. c4 Ra7 40. d5
exd5 41. cxd5 a5 42. bxa5 bxa5 43. d6 Bd8 44. Ke4 a4 45. Bc3 Rb7 46. Bd2 Kf8
47. e6 a3 48. Rxa3 fxe6 49. Ke5 Rb2 50. Rf3+ Ke8 51. Be3 Kd7 52. Rf7+ Kc6 53.
Kxe6 Re2 54. Rf3 Bb6 55. Rf6 Rxe3+ 56. Kf7 Bc5 57. Kxg6 Bxd6 58. Kxh5 Rh3 59.
Kg4 Rh1 60. h5 Rg1+ 61. Kf5 Rf1+ 62. Kg6 Kd7 63. Rxf1 1-0

[Event "C.to Regionale Lombardia"]
[Site "Saronno ITA"]
[Date "2013.05.25"]
[Round "3"]
[White "Romagnoli, Thomas"]
[Black "Motola, Jacopo"]
[WhiteElo "1693"]
[BlackElo "2029"]
[Result "0-1"]
[PlyCount "114"]
[EventDate "2013.05.24"]

1. e4 Nf6 2. e5 Nd5 3. d4 d6 4. c4 Nb6 5. exd6 exd6 6. h3 Be7 7. Nf3 O-O 8. Bd3
Bf6 9. O-O Nc6 10. Be3 Nb4 11. Nc3 Nxd3 12. Qxd3 g6 13. b3 Bf5 14. Qd2 c6 15.
Bg5 Nd7 16. Rac1 Bxg5 17. Qxg5 Qxg5 18. Nxg5 Rfe8 19. Rfe1 Nf6 20. g4 h6 21.
gxf5 hxg5 22. fxg6 fxg6 23. Kh2 Kf7 24. Rg1 Ne4 25. Rg4 Nxc3 26. Rxc3 Re2 27.
Rf3+ Kg7 28. a3 Rf8 29. Rxf8 Kxf8 30. Kg1 Rd2 31. Rxg5 Rxd4 32. Rg3 Rd2 33. Kf1
Rb2 34. Rf3+ Kg7 35. Rd3 Kh6 36. Kg1 Kg5 37. Rg3+ Kf5 38. Rd3 g5 39. Kf1 Ke5
40. Rg3 Kf4 41. Rd3 Ke4 42. Rg3 d5 43. cxd5 cxd5 44. Rxg5 Rxb3 45. Rg7 Rxh3 46.
Rxb7 Rxa3 47. Ke2 Ra2+ 48. Kd1 d4 49. Re7+ Kd3 50. Kc1 a6 51. Rh7 Ra5 52. Rh3+
Kc4 53. Rh4 Kc3 54. Kb1 d3 55. Rh3 Rg5 56. Rh1 Rb5+ 57. Kc1 d2+ 0-1

[Event "C.to Regionale Lombardia"]
[Site "Saronno ITA"]
[Date "2013.05.25"]
[Round "3"]
[White "Ronconi, Fausto"]
[Black "Burani, Eugenio"]
[WhiteElo "1674"]
[BlackElo "1876"]
[Result "0-1"]
[PlyCount "82"]
[EventDate "2013.05.24"]

1. d4 Nf6 2. c4 c5 3. e3 e6 4. Nc3 b6 5. Be2 Bb7 6. Bf3 Nc6 7. d5 Ne5 8. dxe6
Nxf3+ 9. Nxf3 dxe6 10. Qa4+ Qd7 11. Qxd7+ Nxd7 12. Nb5 Kd8 13. b3 a6 14. Nc3
Be7 15. Bb2 Bf6 16. Rd1 Kc7 17. Ke2 Rad8 18. Na4 e5 19. Rd2 e4 20. Ne1 Ne5 21.
Nc3 Rxd2+ 22. Kxd2 Rd8+ 23. Ke2 Nd3 24. Nxd3 exd3+ 25. Kd2 Bxg2 26. Rg1 Bc6 27.
Nd5+ Bxd5 28. Bxf6 gxf6 29. cxd5 Rxd5 30. Rg7 Rd7 31. Rxh7 b5 32. Rh4 Kc6 33.
Rf4 f5 34. Rxf5 c4 35. bxc4 bxc4 36. Rf4 c3+ 37. Kd1 Kb5 38. h4 d2 39. Rd4 Rxd4
40. exd4 Kc4 41. Kc2 Kxd4 0-1

[Event "C.to Regionale Lombardia"]
[Site "Saronno ITA"]
[Date "2013.05.25"]
[Round "3"]
[White "Sorcinelli, Francesco"]
[Black "Rettore, Ludwig"]
[WhiteElo "2198"]
[BlackElo "2120"]
[Result "1-0"]
[PlyCount "65"]
[EventDate "2013.05.24"]

1. Nf3 d5 2. c4 c6 3. g3 e6 4. Bg2 f5 5. O-O Nf6 6. Qc2 Be7 7. d3 O-O 8. Nbd2
Na6 9. a3 b5 10. b4 bxc4 11. dxc4 c5 12. b5 Nc7 13. a4 Bb7 14. Ba3 Nd7 15. Rfd1
Qe8 16. Nb3 d4 17. Na5 Be4 18. Qc1 Nb6 19. Bb2 Bd6 20. Nxd4 Bxg2 21. Ndb3 Bxg3
22. hxg3 Bh3 23. Qc3 Qf7 24. Nc6 f4 25. Ne5 Qf6 26. a5 Nbd5 27. cxd5 Nxd5 28.
Qf3 Qg5 29. g4 c4 30. Rxd5 cxb3 31. Rd7 Rad8 32. Rxd8 Rxd8 33. Qxh3 1-0

[Event "C.to Regionale Lombardia"]
[Site "Saronno ITA"]
[Date "2013.05.25"]
[Round "3"]
[White "Squillante, Michele"]
[Black "Aldeghi, Damiano"]
[WhiteElo "1739"]
[BlackElo "1441"]
[Result "1-0"]
[PlyCount "128"]
[EventDate "2013.05.24"]

1. d4 d5 2. Nf3 Bg4 3. Ne5 Bf5 4. Bf4 Nd7 5. Nxd7 Qxd7 6. c3 e6 7. e3 Bd6 8.
Bxd6 Qxd6 9. Nd2 Nf6 10. h3 h6 11. Be2 O-O 12. O-O Rfe8 13. c4 Qb4 14. b3 Rad8
15. a3 Qe7 16. c5 e5 17. dxe5 Qxe5 18. Nf3 Qc3 19. b4 Ne4 20. Qc1 Qf6 21. Nd4
Bc8 22. Qc2 c6 23. Rad1 Qh4 24. Nf3 Qf6 25. Rd4 Qg6 26. Kh2 Re6 27. Bd3 Rde8
28. Bxe4 Rxe4 29. Rxe4 dxe4 30. Nd4 Qg5 31. Rd1 Qe5+ 32. g3 Qh5 33. h4 g5 34.
Rh1 gxh4 35. Qe2 hxg3+ 36. Kg2 Qg6 37. Qh5 Kh7 38. Qxg6+ fxg6 39. Kxg3 h5 40.
Rh4 Kh6 41. Rf4 g5 42. Rf7 h4+ 43. Kh2 g4 44. Rf4 Kg5 45. Rf7 Rh8 46. Rg7+ Kf6
47. Rc7 Kg5 48. Re7 Rf8 49. Kg1 h3 50. Re5+ Kh4 51. Rxe4 h2+ 52. Kxh2 Rxf2+ 53.
Kg1 Kg3 54. a4 Ra2 55. Kf1 Rxa4 56. Rf4 Ra1+ 57. Ke2 Kh3 58. Rf8 Ra2+ 59. Kf1
Ra1+ 60. Ke2 Ra2+ 61. Kd3 Bd7 62. Rh8+ Kg2 63. e4 Ra3+ 64. Kd2 g3 {...} 1-0

[Event "C.to Regionale Lombardia"]
[Site "Saronno ITA"]
[Date "2013.05.25"]
[Round "3"]
[White "Vignati, Andrea"]
[Black "Nordio, Giorgio"]
[WhiteElo "1454"]
[BlackElo "1668"]
[Result "0-1"]
[PlyCount "90"]
[EventDate "2013.05.24"]

1. d4 c6 2. e4 d5 3. exd5 cxd5 4. Nc3 Nf6 5. Bd3 Nc6 6. Nf3 Bg4 7. Be3 e6 8.
O-O Bd6 9. h3 Bh5 10. Re1 Bb4 11. a3 Bxc3 12. bxc3 Ne4 13. c4 O-O 14. Rb1 Nc3
15. Qd2 Nxb1 16. Rxb1 Bxf3 17. gxf3 b6 18. cxd5 exd5 19. c4 dxc4 20. Be4 Qd7
21. Qc3 Rad8 22. Qxc4 Nxd4 23. Rd1 Ne2+ 24. Qxe2 Qxd1+ 25. Qxd1 Rxd1+ 26. Kg2
Ra1 27. Bd2 a5 28. Be3 Rxa3 29. Bxb6 a4 30. Bc5 Rb3 31. Bxf8 Kxf8 32. Bc2 Ra3
33. Kg3 Ra1 34. Kg4 a3 35. Kf4 g5+ 36. Kg3 a2 37. Kg2 Rc1 38. Bxh7 a1=Q 39. f4
Rg1+ 40. Kf3 Qc3+ 41. Ke4 Re1+ 42. Kd5 Qd2+ 43. Kc4 Rc1+ 44. Kb3 Qc3+ 45. Ka2
Ra1# 0-1

[Event "C.to Regionale Lombardia"]
[Site "Saronno ITA"]
[Date "2013.05.26"]
[Round "4"]
[White "Aldeghi, Damiano"]
[Black "Scovazzi, Tullio"]
[WhiteElo "1441"]
[BlackElo "1679"]
[Result "0-1"]
[PlyCount "100"]
[EventDate "2013.05.24"]

1. e4 e5 2. Nf3 Nc6 3. Bc4 Be7 4. Nc3 Nf6 5. d3 d6 6. h3 O-O 7. O-O Na5 8. Bb3
Nxb3 9. axb3 Be6 10. d4 exd4 11. Qxd4 a6 12. Bg5 Nd7 13. Bxe7 Qxe7 14. Rfe1 f6
15. Nd5 Bxd5 16. exd5 Qf7 17. c4 Ne5 18. Re3 Rfe8 19. Rae1 Nxf3+ 20. gxf3 Re5
21. Rxe5 fxe5 22. Qg4 Rf8 23. Kg2 Qf4 24. Qxf4 Rxf4 25. Re4 g5 26. h4 h6 27.
Rxf4 exf4 28. Kh3 Kg7 29. Kg4 Kg6 30. hxg5 hxg5 31. b4 b6 32. b3 Kf6 33. Kh5
Kf5 34. Kh6 g4 35. fxg4+ Kxg4 36. Kg6 f3 37. Kf7 Kh3 38. Ke7 Kg2 39. Kd7 Kxf2
40. Kxc7 Ke2 41. Kxd6 f2 42. Kc7 f1=Q 43. d6 Qf4 44. c5 bxc5 45. bxc5 Kd3 46.
Kc8 Qf8+ 47. Kc7 Kd4 48. c6 Kd5 49. d7 Qd6+ 50. Kd8 Qxc6 0-1

[Event "C.to Regionale Lombardia"]
[Site "Saronno ITA"]
[Date "2013.05.26"]
[Round "4"]
[White "Bernasconi, Roberto"]
[Black "Damia, Angelo"]
[WhiteElo "1944"]
[BlackElo "2240"]
[Result "0-1"]
[PlyCount "98"]
[EventDate "2013.05.24"]

1. e4 Nf6 2. e5 Nd5 3. d4 d6 4. Nf3 dxe5 5. Nxe5 c6 6. Bc4 Nd7 7. O-O Nxe5 8.
dxe5 Be6 9. Qe2 g6 10. Bd2 Bg7 11. a3 Qb6 12. Bb3 Qd4 13. Bxd5 Bxd5 14. Bc3 Qe4
15. Qxe4 Bxe4 16. Rc1 O-O-O 17. Nd2 Bf5 18. f4 Bh6 19. g3 g5 20. e6 Rhf8 21.
fxg5 Bxg5 22. Rf1 Be3+ 23. Kg2 Bxe6 24. Nf3 Bd5 25. Rae1 Bc5 26. b4 Bd6 27. Kg1
f6 28. Nd2 e5 29. Ne4 Be7 30. g4 Be6 31. g5 Rg8 32. h4 fxg5 33. Bxe5 gxh4+ 34.
Kh2 Rd5 35. Bf6 Bxf6 36. Rxf6 Rg6 37. Rf4 h3 38. Re2 b6 39. Rf8+ Rd8 40. Rf6
Kc7 41. Rxg6 hxg6 42. Ng5 Bf5 43. Nf7 Rd7 44. Ng5 Rd8 45. Nf7 Rd1 46. Ng5 Rc1
47. Nxh3 Rxc2 48. Rxc2 Bxc2 49. Kg3 Kd6 0-1

[Event "C.to Regionale Lombardia"]
[Site "Saronno ITA"]
[Date "2013.05.26"]
[Round "4"]
[White "Berni, Fabrizio"]
[Black "Genocchio, Daniele"]
[WhiteElo "2117"]
[BlackElo "2415"]
[Result "0-1"]
[PlyCount "136"]
[EventDate "2013.05.24"]

1. e4 c5 2. Nf3 Nc6 3. Bb5 e6 4. Bxc6 bxc6 5. b3 Ne7 6. Bb2 Ng6 7. e5 Be7 8.
O-O f6 9. d3 O-O 10. Nbd2 fxe5 11. Nxe5 Nxe5 12. Bxe5 d6 13. Bg3 e5 14. Qe2 Bg5
15. Ne4 Bf4 16. Bxf4 Rxf4 17. Rfe1 Qe7 18. Qe3 Be6 19. Re2 h6 20. Rae1 Raf8 21.
f3 Bc8 22. Qd2 Qd8 23. c3 Kh8 24. Ng3 Qg5 25. Re4 Rxe4 26. Nxe4 Qg6 27. Kh1 Kh7
28. Qf2 Bf5 29. Qg3 Qe6 30. Qf2 Qd5 31. Qe3 Bg6 32. Kg1 Kg8 33. Rd1 Re8 34. Qf2
Rf8 35. Qe3 Re8 36. Qf2 Qe6 37. Qe3 Rf8 38. Re1 a5 39. Nd2 Qd5 40. Nc4 a4 41.
bxa4 Rb8 42. a5 Qe6 43. Qe2 Qf6 44. f4 e4 45. dxe4 Qxc3 46. Rd1 d5 47. f5 Bf7
48. exd5 cxd5 49. Qe5 Qxe5 50. Nxe5 d4 51. Nxf7 Kxf7 52. Rc1 Rc8 53. a6 Ke7 54.
Kf2 Kd6 55. Rb1 Ra8 56. Rb6+ Kd5 57. Ke2 c4 58. a4 Ke4 59. f6 c3 60. fxg7 d3+
61. Kd1 Rc8 62. Re6+ Kd5 63. Re1 Rb8 64. g8=Q+ Rxg8 65. a7 Kc4 66. g3 Rf8 67.
g4 Kb3 68. h4 Rf2 0-1

[Event "C.to Regionale Lombardia"]
[Site "Saronno ITA"]
[Date "2013.05.26"]
[Round "4"]
[White "Cagnotto, Marco"]
[Black "Brioschi, Camillo"]
[WhiteElo "1487"]
[BlackElo "1756"]
[Result "0-1"]
[PlyCount "82"]
[EventDate "2013.05.24"]

1. e4 e5 2. Nf3 Nc6 3. d4 exd4 4. Nxd4 Bc5 5. Be3 Bb6 6. Nxc6 dxc6 7. Qxd8+
Kxd8 8. Bxb6 cxb6 9. Nc3 Be6 10. O-O-O+ Ke7 11. Be2 Nf6 12. h3 Rhd8 13. Rxd8
Rxd8 14. Rd1 Rxd1+ 15. Kxd1 g5 16. Bd3 Nd7 17. Be2 Ne5 18. b3 b5 19. Kd2 a5 20.
a4 bxa4 21. Nxa4 Kd6 22. Kc3 b5 23. Nb2 Kc5 24. Nd3+ Nxd3 25. Bxd3 h6 26. Be2
a4 27. b4+ Kd6 28. Kb2 Ke5 29. Bf3 f6 30. Be2 Bd7 31. Bf3 Kd6 32. Ka3 c5 33. c3
Bc6 34. e5+ fxe5 35. bxc5+ Kxc5 36. Bxc6 Kxc6 37. Kb4 e4 38. g3 Kb6 39. g4 Kc6
40. Ka3 Kc5 41. Kb2 Kc4 0-1

[Event "C.to Regionale Lombardia"]
[Site "Saronno ITA"]
[Date "2013.05.26"]
[Round "4"]
[White "Cervini, Gian Piero"]
[Black "Canciani, Alberto"]
[WhiteElo "1776"]
[BlackElo "1576"]
[Result "1-0"]
[PlyCount "65"]
[EventDate "2013.05.24"]

1. e4 e6 2. d4 c5 3. c3 Qc7 4. Nf3 b6 5. Be3 Bb7 6. Bd3 d6 7. O-O Nd7 8. Nbd2
Ngf6 9. h3 Be7 10. Qe2 h6 11. Rac1 e5 12. d5 g5 13. Nh2 O-O-O 14. b4 Rdg8 15.
bxc5 Nxc5 16. Bxc5 dxc5 17. Nc4 h5 18. f3 h4 19. a4 Nh5 20. Qa2 Nf4 21. Rcd1
Bd6 22. Ng4 Rg6 23. Rf2 Kd7 24. Bf1 Ke7 25. Rb2 Rb8 26. Rdb1 Bc8 27. Nge3 Bd7
28. a5 b5 29. Nxd6 Kxd6 30. Bxb5 Bxb5 31. Rxb5 Rxb5 32. Rxb5 Qd7 33. Nf5+ 1-0

[Event "C.to Regionale Lombardia"]
[Site "Saronno ITA"]
[Date "2013.05.26"]
[Round "4"]
[White "Guzzetti, Luigi Enrico"]
[Black "Ceccarini, Marco"]
[WhiteElo "1891"]
[BlackElo "2074"]
[Result "0-1"]
[PlyCount "44"]
[EventDate "2013.05.24"]

1. e4 e5 2. Nf3 Nc6 3. Bb5 a6 4. Ba4 Nf6 5. O-O Nxe4 6. Re1 Nc5 7. Nxe5 Nxe5 8.
Rxe5+ Be7 9. c4 Nxa4 10. Qxa4 O-O 11. Nc3 Bd6 12. Re1 Qh4 13. h3 Qf4 14. g3 Qf5
15. Kg2 b5 16. cxb5 Bb7+ 17. Ne4 axb5 18. Qc2 Rfe8 19. d3 Re6 20. Bd2 Qd5 21.
f3 f5 22. Ng5 h6 0-1

[Event "C.to Regionale Lombardia"]
[Site "Saronno ITA"]
[Date "2013.05.26"]
[Round "4"]
[White "Longo, Giovanni"]
[Black "Squillante, Michele"]
[WhiteElo "1634"]
[BlackElo "1739"]
[Result "1/2-1/2"]
[PlyCount "71"]
[EventDate "2013.05.24"]

1. e4 c6 2. d4 d5 3. e5 Bf5 4. h4 h6 5. g4 Bh7 6. e6 fxe6 7. Bh3 Qd6 8. g5 Nd7
9. gxh6 O-O-O 10. hxg7 Bxg7 11. Qg4 Bf6 12. Qxe6 Qxe6+ 13. Bxe6 Bxc2 14. Na3
Bg6 15. Nf3 Be4 16. Ke2 Bxf3+ 17. Kxf3 Rxh4 18. Rxh4 Bxh4 19. Be3 Ngf6 20. Rh1
Rh8 21. Bg5 Ne4 22. Bxd7+ Kxd7 23. Bxh4 Ke6 24. Kg2 Kf5 25. Bxe7 Rg8+ 26. Kf1
Re8 27. Rh5+ Kg4 28. Re5 Rh8 29. Kg2 Rh3 30. Re6 Rd3 31. Nc2 Rd2 32. Ne3+ Kh5
33. Re5+ Kg6 34. Bh4 Rxb2 35. Re7 a5 36. Rc7 1/2-1/2

[Event "C.to Regionale Lombardia"]
[Site "Saronno ITA"]
[Date "2013.05.26"]
[Round "4"]
[White "Marcantognini, Denis"]
[Black "Biava, Pierluigi"]
[WhiteElo "1407"]
[BlackElo "1649"]
[Result "0-1"]
[PlyCount "136"]
[EventDate "2013.05.24"]

1. c4 Nf6 2. Nc3 g6 3. e3 Bg7 4. g3 O-O 5. Bg2 c6 6. Nge2 d5 7. cxd5 Nxd5 8.
O-O Bf5 9. Re1 Na6 10. b3 Qd7 11. Bb2 Nab4 12. d4 Bh3 13. a3 Nxc3 14. Nxc3 Nd5
15. Nxd5 cxd5 16. Rc1 Rac8 17. Qd2 Bxg2 18. Kxg2 h5 19. h4 f6 20. a4 g5 21. Rh1
g4 22. Qd3 Kf7 23. Rhe1 f5 24. b4 Kg6 25. b5 Rxc1 26. Rxc1 Rc8 27. Rxc8 Qxc8
28. Ba3 Kf6 29. Bc5 b6 30. Bb4 Ke6 31. Qa3 Bf6 32. a5 Qc4 33. axb6 axb6 34. Qc3
Kf7 35. Qxc4 dxc4 36. Bc3 Ke6 37. f3 Kd5 38. fxg4 fxg4 39. Kf2 e5 40. dxe5 Bxe5
41. Bxe5 Kxe5 42. Ke2 Ke4 43. Kf2 c3 44. Ke2 c2 45. Kd2 c1=Q+ 46. Kxc1 Kxe3 47.
Kd1 Kf3 48. Ke1 Kxg3 49. Kf1 Kxh4 50. Kg2 g3 51. Kg1 Kg4 52. Kg2 h4 53. Kg1 h3
54. Kh1 Kf4 55. Kg1 Ke4 56. Kf1 Kd5 57. Ke2 h2 58. Kf3 h1=Q+ 59. Kxg3 Qf1 60.
Kg4 Qxb5 61. Kf3 Qd3+ 62. Kf4 b5 63. Kg5 b4 64. Kf6 Qd4+ 65. Ke7 b3 66. Kd7 b2
67. Kc7 b1=Q 68. Kd7 Qa7+ 0-1

[Event "C.to Regionale Lombardia"]
[Site "Saronno ITA"]
[Date "2013.05.26"]
[Round "4"]
[White "Moroni, Luca Jr"]
[Black "Sorcinelli, Francesco"]
[WhiteElo "2184"]
[BlackElo "2198"]
[Result "1-0"]
[PlyCount "79"]
[EventDate "2013.05.24"]

1. Nf3 d5 2. c4 e6 3. g3 Nf6 4. Bg2 Be7 5. O-O O-O 6. b3 c5 7. e3 Nc6 8. Bb2 b6
9. d3 Bb7 10. Qe2 a6 11. Nc3 Qc7 12. Rac1 dxc4 13. bxc4 Rfd8 14. Ne1 Rd7 15. f4
Rad8 16. a3 Na5 17. Rd1 Bxg2 18. Nxg2 Nc6 19. Rd2 Na5 20. Rfd1 Nb3 21. Rc2 Rd6
22. g4 Qd7 23. g5 Ne8 24. Ne1 f5 25. gxf6 Nxf6 26. Qg2 Bf8 27. Ne2 Nh5 28. Be5
Rc6 29. Rb1 Na5 30. Rcb2 Bd6 31. Rxb6 Bxe5 32. fxe5 Qc7 33. Rxc6 Nxc6 34. Qe4
Qxe5 35. Nf3 Qxe4 36. dxe4 Rd3 37. Rb6 Rxe3 38. Kf2 Rxe4 39. Rxc6 Rxc4 40. Rc8+
1-0

[Event "C.to Regionale Lombardia"]
[Site "Saronno ITA"]
[Date "2013.05.26"]
[Round "4"]
[White "Motola, Jacopo"]
[Black "Tagliaferri, Valerio"]
[WhiteElo "2029"]
[BlackElo "1849"]
[Result "1-0"]
[PlyCount "109"]
[EventDate "2013.05.24"]

1. d4 f5 2. g3 Nf6 3. Bg2 e6 4. c4 Nc6 5. Nf3 Bb4+ 6. Nbd2 Ne4 7. a3 Nxd2 8.
Bxd2 Bxd2+ 9. Qxd2 d6 10. O-O Qf6 11. b4 e5 12. dxe5 Nxe5 13. Nxe5 dxe5 14. Qd5
c6 15. Qc5 Qe7 16. Bxc6+ Kf8 17. Qxe7+ Kxe7 18. Bg2 Rd8 19. Rfd1 Rb8 20. Rxd8
Kxd8 21. Rd1+ Ke7 22. Bd5 g5 23. e3 e4 24. g4 Kf6 25. Bg8 h6 26. Bh7 fxg4 27.
Rd8 b5 28. cxb5 Rb7 29. Rxc8 Rxh7 30. a4 h5 31. a5 h4 32. Kg2 Ke5 33. Rc5+ Kf6
34. b6 axb6 35. Rc6+ Ke5 36. Rxb6 Kd5 37. Rb5+ Kc4 38. Rxg5 Kxb4 39. Rxg4 Kxa5
40. Rxe4 Kb5 41. Kh3 Rf7 42. Rf4 Rh7 43. Rxh4 Rf7 44. Kg3 Kc5 45. f4 Kd5 46.
Kf3 Ra7 47. Rh5+ Ke6 48. h4 Ra1 49. Rh6+ Kf7 50. e4 Rf1+ 51. Kg4 Kg7 52. Ra6
Rg1+ 53. Kf5 Rh1 54. Rg6+ Kh7 55. Rg4 1-0

[Event "C.to Regionale Lombardia"]
[Site "Saronno ITA"]
[Date "2013.05.26"]
[Round "4"]
[White "Nordio, Giorgio"]
[Black "Lapiccirella, Daniele"]
[WhiteElo "1668"]
[BlackElo "2211"]
[Result "0-1"]
[PlyCount "96"]
[EventDate "2013.05.24"]

1. c4 c6 2. g3 d5 3. cxd5 cxd5 4. d4 Nf6 5. Nc3 Nc6 6. Bg2 Bf5 7. e3 e6 8. Nf3
Bd6 9. O-O O-O 10. a3 Rc8 11. Re1 h6 12. Nd2 Bg6 13. e4 Nxd4 14. Nf1 e5 15.
Nxd5 Nxd5 16. exd5 Nc2 17. Bd2 Nxe1 18. Qxe1 Qb6 19. Bc3 Rfe8 20. Ne3 Bc5 21.
Nc4 Bxf2+ 22. Qxf2 Qxf2+ 23. Kxf2 Rxc4 24. d6 Be4 25. Bxe4 Rxe4 26. Rd1 Rd8 27.
Kf3 f5 28. Rd5 Kf7 29. Rxe5 Rxe5 30. Bxe5 g5 31. Ke3 Rd7 32. h3 Ke6 33. Bc3
Rxd6 34. Bg7 Kd5 35. h4 gxh4 36. gxh4 Rg6 37. Bf8 h5 38. Kf3 Rg4 39. Be7 Kc4
40. Bf6 Kd3 41. Bg5 b5 42. Bf6 b4 43. axb4 Rxb4 44. Kg3 Ke4 45. Bc3 Rb3 46. Kg2
Kf4 47. Bd4 a5 48. Bc3 a4 0-1

[Event "C.to Regionale Lombardia"]
[Site "Saronno ITA"]
[Date "2013.05.26"]
[Round "4"]
[White "Pino, Nicola"]
[Black "Vignati, Andrea"]
[WhiteElo "1742"]
[BlackElo "1454"]
[Result "1-0"]
[PlyCount "71"]
[EventDate "2013.05.24"]

1. e4 e5 2. Nf3 Nc6 3. Bc4 Bc5 4. c3 Nf6 5. d4 exd4 6. e5 Ne4 7. cxd4 Bb4+ 8.
Nbd2 Nxd2 9. Bxd2 Bxd2+ 10. Qxd2 O-O 11. O-O d5 12. Bd3 h6 13. Bc2 Bg4 14. Qd3
g6 15. a3 Bxf3 16. Qxf3 Nxd4 17. Qd3 Nxc2 18. Qxc2 Re8 19. f4 c6 20. Rad1 Qb6+
21. Kh1 Kg7 22. Rd3 Re6 23. Rg3 c5 24. h4 h5 25. Rg5 Qa6 26. Rf3 Rc8 27. f5
Rxe5 28. f6+ Kh6 29. Rxe5 Rc6 30. Qd2+ Kh7 31. Qg5 Re6 32. Rxe6 Qxe6 33. Qe3
Qc6 34. Qe7 Kg8 35. Qd8+ Kh7 36. Qf8 1-0

[Event "C.to Regionale Lombardia"]
[Site "Saronno ITA"]
[Date "2013.05.26"]
[Round "4"]
[White "Poletto, Daniele"]
[Black "Botta, Massimiliano"]
[WhiteElo "1766"]
[BlackElo "1622"]
[Result "0-1"]
[PlyCount "28"]
[EventDate "2013.05.24"]

1. c4 e5 2. Nc3 Nf6 3. g3 Bb4 4. Bg2 d6 5. e3 Be6 6. Bxb7 Nbd7 7. Bxa8 Qxa8 8.
Qf3 e4 9. Qg2 Bxc4 10. a3 Bxc3 11. dxc3 Ne5 12. h4 Nd3+ 13. Kd2 Qd5 14. Kc2
Ne1+ 0-1

[Event "C.to Regionale Lombardia"]
[Site "Saronno ITA"]
[Date "2013.05.26"]
[Round "4"]
[White "Pozzi, Luca"]
[Black "Burani, Eugenio"]
[WhiteElo "1467"]
[BlackElo "1876"]
[Result "0-1"]
[PlyCount "96"]
[EventDate "2013.05.24"]

1. e4 c5 2. c3 Nf6 3. e5 Nd5 4. d4 cxd4 5. cxd4 d6 6. Bc4 e6 7. Bb5+ Bd7 8. Qa4
Nc6 9. Nf3 a6 10. Bxc6 Bxc6 11. Qb3 Be7 12. O-O O-O 13. Nbd2 Nf4 14. Re1 Bb5
15. Nc4 dxe5 16. dxe5 Nd5 17. Ne3 Bb4 18. Bd2 Bxd2 19. Nxd2 Nf4 20. Nf3 Qd3 21.
Qb4 Ne2+ 22. Kh1 a5 23. Qg4 Qg6 24. Qxg6 hxg6 25. a4 Ba6 26. g3 Rfd8 27. Rad1
Rxd1 28. Rxd1 Rc8 29. Kg2 Nc1 30. Ng5 Nd3 31. b3 Nxe5 32. Rd6 Nc6 33. Rd7 Ne5
34. Rd6 Kf8 35. f4 Nc6 36. Rd7 Ne7 37. Nc4 Ke8 38. Rd4 Nf5 39. Nd6+ Nxd6 40.
Rxd6 Ke7 41. Rb6 Rc2+ 42. Kh3 Bf1+ 43. Kg4 Bg2 44. Nf3 f5+ 45. Kg5 Bxf3 46. h3
Rh2 47. Kh4 Kf6 48. g4 fxg4 0-1

[Event "C.to Regionale Lombardia"]
[Site "Saronno ITA"]
[Date "2013.05.26"]
[Round "4"]
[White "Prevedello, Daniele"]
[Black "Carbone, Lorenzo"]
[WhiteElo "1713"]
[BlackElo "1595"]
[Result "1-0"]
[PlyCount "49"]
[EventDate "2013.05.24"]

1. d4 d5 2. c4 e6 3. Nc3 Nf6 4. Bg5 Be7 5. e3 O-O 6. Nf3 b6 7. cxd5 exd5 8. Bd3
Nbd7 9. O-O a5 10. Rc1 Ba6 11. Bxa6 Rxa6 12. Nb5 c5 13. dxc5 bxc5 14. Qd3 Rb6
15. a4 Re6 16. Rfd1 Re4 17. Nc3 c4 18. Qc2 Re6 19. Nxd5 Nxd5 20. Rxd5 Qc7 21.
Bxe7 Rxe7 22. Rb5 Rc8 23. Qc3 Re6 24. Qxa5 Qc6 25. Nd4 1-0

[Event "C.to Regionale Lombardia"]
[Site "Saronno ITA"]
[Date "2013.05.26"]
[Round "4"]
[White "Puppi, Simone"]
[Black "Olivieri, Michelangelo"]
[WhiteElo "1559"]
[BlackElo "1605"]
[Result "0-1"]
[PlyCount "70"]
[EventDate "2013.05.24"]

1. e4 e6 2. d4 d5 3. e5 c5 4. c3 Nc6 5. Nf3 Bd7 6. Bd3 cxd4 7. cxd4 Qb6 8. Bc2
Nb4 9. Bb3 Bb5 10. Nc3 Nd3+ 11. Kd2 Nxf2 12. Qe1 Nxh1 13. Qxh1 Ba6 14. Ba4+ Kd8
15. a3 Nh6 16. b4 Bc4 17. Qg1 Be7 18. g4 Rc8 19. h3 Kc7 20. Ke1 Kb8 21. Bd2
Rcf8 22. Qg3 Ka8 23. Bc2 f6 24. Na4 Qc6 25. Rc1 fxe5 26. dxe5 Rxf3 27. Qxf3 Rf8
28. Bf4 Bg5 29. Bf5 Bxf4 30. Qxf4 Qxa4 31. Rxc4 dxc4 32. Qxc4 exf5 33. e6 Qc6
34. e7 Re8 35. Qe2 Qe4 0-1

[Event "C.to Regionale Lombardia"]
[Site "Saronno ITA"]
[Date "2013.05.26"]
[Round "4"]
[White "Rettore, Ludwig"]
[Black "D'Avino, Gianfranco"]
[WhiteElo "2120"]
[BlackElo "1851"]
[Result "1-0"]
[PlyCount "85"]
[EventDate "2013.05.24"]

1. d4 Nf6 2. Nf3 g6 3. Bg5 Bg7 4. Nbd2 d5 5. e3 O-O 6. Bd3 b6 7. O-O Bb7 8. c3
Ne4 9. Bf4 Nd7 10. Qc2 Ndf6 11. Be5 c5 12. Rfe1 c4 13. Bf1 b5 14. a4 b4 15.
cxb4 Rc8 16. Nb1 g5 17. Nc3 Nxc3 18. bxc3 Ne4 19. Bxg7 Kxg7 20. Nd2 f5 21. f3
Nd6 22. Be2 Qe8 23. b5 Rf6 24. Nf1 f4 25. exf4 gxf4 26. Bd1 e6 27. Qe2 Qg6 28.
Bc2 Qh6 29. Rab1 Nf7 30. a5 Rg8 31. a6 Bc8 32. b6 Bxa6 33. Ra1 axb6 34. Rxa6
Kh8 35. Rea1 Ng5 36. Ra8 Rff8 37. Qe5+ Rf6 38. Rxg8+ Kxg8 39. Ra8+ Kg7 40. Qb8
Nxf3+ 41. gxf3 Qg5+ 42. Kh1 Kh6 43. Ra7 1-0

[Event "C.to Regionale Lombardia"]
[Site "Saronno ITA"]
[Date "2013.05.26"]
[Round "4"]
[White "Revinelli, Sergio"]
[Black "Megna, Giuseppe"]
[WhiteElo "1827"]
[BlackElo "1846"]
[Result "1-0"]
[PlyCount "91"]
[EventDate "2013.05.24"]

1. e4 e6 2. d4 d5 3. Nd2 c5 4. exd5 Qxd5 5. Ngf3 cxd4 6. Bc4 Qd6 7. Nb3 Qb4+ 8.
Nbd2 Nc6 9. O-O Nf6 10. a3 Qd6 11. Nb3 e5 12. Ng5 Nd8 13. f3 h6 14. Ne4 Nxe4
15. fxe4 Be6 16. Bb5+ Nc6 17. Bd2 a6 18. Bd3 Be7 19. Qe2 O-O 20. Qh5 f6 21. Rf3
Bf7 22. Qh3 Be6 23. Qh5 Rf7 24. Rg3 Kh8 25. Rg6 Bf8 26. Rf1 Bxb3 27. cxb3 b5
28. Rxh6+ gxh6 29. Qxf7 Bg7 30. Rf3 Nd8 31. Qg6 Qf8 32. Rh3 Nf7 33. Bb4 Qe8 34.
Bd2 Nd6 35. Qg4 Nf7 36. Rg3 Ng5 37. Qe2 Nf7 38. a4 Rb8 39. Qg4 Ng5 40. axb5
axb5 41. h4 Ne6 42. b4 Ra8 43. Bxb5 Qxb5 44. Qxe6 Ra1+ 45. Kh2 Qf1 46. Qe8+ 1-0

[Event "C.to Regionale Lombardia"]
[Site "Saronno ITA"]
[Date "2013.05.26"]
[Round "4"]
[White "Ruggeri, Igor"]
[Black "Romagnoli, Thomas"]
[WhiteElo "1578"]
[BlackElo "1693"]
[Result "0-1"]
[PlyCount "70"]
[EventDate "2013.05.24"]

1. d4 Nf6 2. c4 e6 3. Nf3 d5 4. e3 Nbd7 5. cxd5 exd5 6. g3 Be7 7. Bg2 c6 8. O-O
O-O 9. Nbd2 Re8 10. a3 Bd6 11. Re1 Nb6 12. b3 Bf5 13. Nh4 Qd7 14. Nxf5 Qxf5 15.
Nf3 Ne4 16. Qc2 Nxg3 17. Qxf5 Nxf5 18. Ra2 Nh6 19. Rae2 Ng4 20. h3 Nf6 21. Nh4
Ne4 22. Bb2 g6 23. f4 Ng3 24. Rc2 Bxf4 25. Kf2 Bd6 26. Nf3 Nf5 27. Ne5 f6 28.
e4 Nxd4 29. Bxd4 Bxe5 30. Bxb6 axb6 31. exd5 Bg3+ 32. Kxg3 Rxe1 33. dxc6 bxc6
34. Kf2 Re6 35. Bxc6 Rc8 0-1

[Event "C.to Regionale Lombardia"]
[Site "Saronno ITA"]
[Date "2013.05.26"]
[Round "4"]
[White "Sbarra, Marco"]
[Black "Mazzoccoli, Simone"]
[WhiteElo "2263"]
[BlackElo "1753"]
[Result "1-0"]
[PlyCount "43"]
[EventDate "2013.05.24"]

1. d4 Nf6 2. c4 g6 3. Nc3 Bg7 4. e4 d6 5. Nf3 O-O 6. h3 c5 7. Be3 Nbd7 8. Be2
cxd4 9. Nxd4 Nc5 10. Qc2 a5 11. O-O Re8 12. Rad1 Bd7 13. Bf3 Qc8 14. b3 a4 15.
Rb1 axb3 16. axb3 Bc6 17. b4 Ne6 18. Nb3 Ba4 19. Nxa4 Rxa4 20. Na5 Qd7 21. e5
dxe5 22. Bxb7 1-0